Z odkazu Tomáše Bati.
Význam organizácie práce a výroby, metód riadenia, výchovy a vzdelávania firmy Baťa pre čs. podnikateľskú prax. Vysoká aktuálnosť šiestich zásad T. Baťu pre výrobu, nákup a predaj. Charakteristika batizmu ako systému efektívneho podnikania.
Gespeichert in:
| 1. Verfasser: | |
|---|---|
| Format: | Buchkapitel |
| Sprache: | Tschechisch |
| Schlagworte: | |
| Tags: |
Keine Tags, Fügen Sie das erste Tag hinzu!
|
MARC
| LEADER | 00000naa a2200000 4500 | ||
|---|---|---|---|
| 001 | r009272 | ||
| 005 | 20220831084605.3 | ||
| 041 | 0 | |a cze | |
| 044 | |a [CS] | ||
| 245 | 1 | 0 | |a Z odkazu Tomáše Bati. |c S. Rufert |
| 520 | |a Význam organizácie práce a výroby, metód riadenia, výchovy a vzdelávania firmy Baťa pre čs. podnikateľskú prax. Vysoká aktuálnosť šiestich zásad T. Baťu pre výrobu, nákup a predaj. Charakteristika batizmu ako systému efektívneho podnikania. | ||
| 610 | 2 | 0 | |a podnikanie |
| 610 | 2 | 0 | |a Baťa, T. |
| 610 | 2 | 0 | |a batizmus |
| 100 | 1 | |a Rufert, S. | |